Ballsportarten – Bilder vom Ball - Statistiken

Allgemein
  • Dieses Quiz wurde 107 mal gespielt
  • Das Durchschnittsergebnis liegt bei 11 aus 16
Antwortstatistiken
Bildquiz Antwort % Korrekt
Fußball
100%
Tennis
100%
Basketball
99%
Golf
99%
Rugby
96%
Volleyball
93%
Handball
91%
Badminton
90%
Baseball
89%
American Football
79%
Tischtennis
74%
Softball
34%
Feldhockey
32%
Squash
32%
Unihockey
8%
Tchoukball
3%
Keine übereinstimmenden Quizze gefunden
Verteilung der Resultate
Anzahl Personen mit jedem Resultat
Perzentil nach korrekt beantworteten Fragen
Ihre Resultats-Entwicklung
Sie haben dieses Quiz noch nicht gespielt